European Cities with 1 million pop metro - Statistics

General Stats
  • This quiz has been taken 124 times
    121 since last reset
  • The average score is 50 of 67
Answer Stats
Hint Answer % Correct
10,558,797 London
100%
13,010,112 Moscow
100%
10,858,763 Paris
100%
3,677,472 Berlin
99%
4,683,311 Barcelona
98%
6,415,809 Madrid
98%
3,274,499 Milan
98%
4,323,664 Rome
97%
5,601,911 St Petersburg
97%
1,114,745 Amsterdam
96%
2,259,669 Bucharest
95%
2,952,301 Kyiv
95%
3,168,846 Athens
94%
3,100,844 Warsaw
94%
1,222,637 Brussels
93%
1,752,286 Budapest
93%
1,853,935 Hamburg
93%
15,244,936 Istanbul
93%
1,487,708 Munich
93%
2,440,027 Stockholm
93%
2,276,385 Lisbon
92%
1,693,159 lyon
91%
2,720,316 Manchester
91%
3,076,675 Naples
91%
1,064,235 Oslo
91%
1,173,179 Dublin
90%
2,590,363 Birmingham
89%
1,345,562 Copenhagen
89%
1,618,479 Marseille
88%
1,301,432 Prague
88%
2,624,148 Rotterdam-The Hague
88%
1,274,290 Sofia
88%
1,026,880 Glasgow
86%
1,278,124 Helsinki
86%
1,166,763 Belgrade
85%
2,009,786 Minsk
85%
1,419,507 Zurich
85%
1,073,096 Cologne
82%
1,716,191 Valencia
82%
2,246,423 Turin
79%
1,498,499 Krakow
76%
1,982,442 Vienna
75%
1,785,405 Porto
74%
1,000,111 Florence
68%
1,053,636 Lille
67%
1,010,537 Odessa
66%
1,860,546 Leeds
65%
1,245,826 Palermo
63%
1,421,125 Kharkiv
62%
1,142,162 Rostov-on-Don
57%
1,047,829 Toulouse
55%
1,028,036 Volgograd
52%
1,308,660 Kazan
51%
1,226,076 Nizhny Novgorod
51%
5,293,914 Katowice
49%
1,034,002 Perm
46%
1,544,376 Yekaterinburg
45%
1,144,809 Ufa
44%
1,031,439 Wroclaw
44%
1,173,299 Samara
43%
1,222,171 Bari
42%
1,234,487 Sevilla
41%
1,101,463 Catania
36%
1,099,344 Krasnodar
34%
1,029,021 Poznañ
30%
1,017,225 Bologne
2%
1,080,770 Gadañsk
1%
No matching quizzes found
Score Distribution
Percent of People with Each Score
Percentile by Number Answered
Your Score History
You have not taken this quiz since the last reset